[Event "4NCL 2014-15"]
[Site "Hinckley Island ENG"]
[Date "2014.11.15"]
[Round "1.164"]
[White "Bisby, Daniel L"]
[Black "Jackson, James P"]
[Result "1/2-1/2"]
[WhiteTitle "FM"]
[BlackTitle "FM"]
[WhiteElo "2318"]
[BlackElo "2313"]
[WhiteTeam "Cambridge University 1"]
[BlackTeam "e2e4.org.uk 1"]
[WhiteFideId "404586"]
[BlackFideId "416860"]
[EventDate "2014.11.15"]

1. e4 c5 2. Nf3 Nc6 3. Bb5 g6 4. O-O Bg7 5. c3 Nf6 6. d4 cxd4 7. cxd4 Nxe4 8. d5
Nd6 9. Na3 Nb4 10. Bg5 O-O 11. Qd2 a5 12. Rfe1 Re8 13. Re2 b6 14. Rae1 f6 15.
Bf4 Nxb5 16. Nxb5 Ba6 17. a4 Bxb5 18. axb5 Rc8 19. Bd6 Rc2 20. Qd1 Rxe2 21. Qxe2
Nxd5 22. h4 e6 23. h5 Bf8 24. Bxf8 Rxf8 25. hxg6 hxg6 26. Nh4 Kf7 27. Nxg6 Rg8
28. Nh4 Rg5 29. g3 Qh8 30. Qc4 Qh5 31. Re4 f5 32. Rd4 Rg4 33. Nf3 Rxd4 34. Ne5+
Ke8 35. Qxd4 Qh8 36. f4 Qh3 37. Qf2 Kd8 38. Qf3 Nf6 39. Qe3 Ke7 40. Ng6+ Ke8 41.
Qc3 Kf7 42. Ne5+ Kg8 43. Qd3 Ng4 44. Nxg4 Qxg4 45. Qxd7 Qxg3+ 46. Kh1 Qe1+ 47.
Kg2 Qe2+ 48. Kg1 Qe3+ 49. Kg2 Qe2+ 50. Kg1 Qg4+ 51. Kh1 Qh3+ 52. Kg1 Qg3+ 53.
Kh1 Qf3+ 54. Kg1 Qe3+ 55. Kg2 Kf8 56. Qd8+ Kf7 57. Qd7+ Kf6 58. Qd8+ Kg6 59.
Qg8+ Kf6 1/2-1/2

[Event "4NCL 2014-15"]
[Site "Hinckley Island ENG"]
[Date "2014.11.15"]
[Round "1.165"]
[White "Rudd, Jack"]
[Black "Bukojemski, Adam"]
[Result "1/2-1/2"]
[WhiteTitle "IM"]
[WhiteElo "2247"]
[BlackElo "2224"]
[WhiteTeam "e2e4.org.uk 1"]
[BlackTeam "Cambridge University 1"]
[WhiteFideId "405736"]
[BlackFideId "1114620"]
[EventDate "2014.11.15"]

1. d4 d5 2. c4 c6 3. Nf3 Nf6 4. Nc3 Bf5 5. Qb3 Qb6 6. c5 Qxb3 7. axb3 Nbd7 8.
Bf4 Nh5 9. Bc7 Rc8 10. Rxa7 Nxc5 11. Bb6 Nxb3 12. Ne5 f6 13. Nd3 e6 14. e3 g5
15. Be2 Ng7 16. g4 Bg6 17. h4 gxh4 18. Nf4 Bc2 19. Rxb7 Ra8 20. O-O Be7 21. Rc7
Kf7 22. Nb5 cxb5 23. Rxc2 Rhc8 24. Bd3 Rxc2 25. Bxc2 Nd2 26. Rc1 Nc4 27. Bc5
Nxb2 28. Rb1 Na4 29. Bxe7 Kxe7 30. Rxb5 Ra7 31. Bxh7 Nc3 32. Rb8 e5 33. Ng6+ Kd6
34. Rd8+ Kc7 35. Rg8 Kd6 36. Nxh4 Ne6 37. dxe5+ fxe5 38. Bf5 Ng7 39. Bd3 e4 40.
Bf1 Ke5 41. g5 d4 42. exd4+ Kf4 43. Rc8 Ra3 44. Rc5 Ne6 45. g6 Kg4 46. Re5 Nxd4
47. g7 Ra8 48. Ng6 Rg8 49. Re7 Nf5 50. Rc7 Rxg7 51. Rxc3 Rxg6 52. Bg2 Kf4 53.
Rc4 Nd6 54. Ra4 Ke5 55. Kf1 Rg8 56. Ra5+ Kd4 57. Bh3 Nc4 58. Ra4 Rg6 59. Ke2 Rb6
60. Bf5 Rb2+ 61. Kf1 e3 62. fxe3+ Kxe3 63. Rxc4 1/2-1/2

[Event "4NCL 2014-15"]
[Site "Hinckley Island ENG"]
[Date "2014.11.15"]
[Round "1.166"]
[White "McClement, Andrew"]
[Black "Mladenov, Ilian"]
[Result "1/2-1/2"]
[WhiteElo "2202"]
[BlackElo "2253"]
[WhiteTeam "Cambridge University 1"]
[BlackTeam "e2e4.org.uk 1"]
[WhiteFideId "2400480"]
[BlackFideId "2906180"]
[EventDate "2014.11.15"]

1. Nf3 d5 2. c4 e6 3. d4 c6 4. g3 Nf6 5. Bg2 Be7 6. O-O Nbd7 7. Qc2 b6 8. Nbd2
Bb7 9. Rd1 O-O 10. e4 Rc8 11. e5 Ne8 12. cxd5 cxd5 13. Qd3 Nc7 14. h4 a5 15. Nf1
Ba6 16. Qb1 Be2 17. Re1 Bxf3 18. Bxf3 b5 19. a4 Bb4 20. Rd1 Nb6 21. axb5 Nxb5
22. Be2 Qd7 23. Qd3 Na7 24. Ne3 Nc6 25. b3 Rc7 26. Bb2 Rfc8 27. Qa6 Ra8 28. Qb5
Rb8 29. Qd3 Be7 30. Rdc1 Rbc8 31. Kg2 1/2-1/2

[Event "4NCL 2014-15"]
[Site "Hinckley Island ENG"]
[Date "2014.11.15"]
[Round "1.167"]
[White "Byron, Alan M"]
[Black "Spencer, Carl J"]
[Result "0-1"]
[WhiteElo "2188"]
[BlackElo "2194"]
[WhiteTeam "e2e4.org.uk 1"]
[BlackTeam "Cambridge University 1"]
[WhiteFideId "401773"]
[BlackFideId "412171"]
[EventDate "2014.11.15"]

1. c4 Nf6 2. g3 e5 3. Bg2 Nc6 4. Nc3 g6 5. d3 Bg7 6. Rb1 O-O 7. b4 a6 8. e3 d6
9. Nge2 Be6 10. Nd5 Qd7 11. h3 Kh8 12. Qc2 Rab8 13. Bd2 Nd8 14. a4 c6 15. Nxf6
Bxf6 16. b5 axb5 17. axb5 d5 18. cxd5 cxd5 19. Qb2 Bg7 20. Bc3 f6 21. h4 h5 22.
O-O Nf7 23. f4 Bh3 24. Rf2 Bxg2 25. Kxg2 Rbe8 26. b6 d4 27. exd4 Qd5+ 28. Kg1 e4
29. dxe4 Rxe4 30. Bb4 Rfe8 31. Rbf1 Qc4 32. Nc1 f5 33. Bc5 Bxd4 34. Bxd4+ Qxd4
35. Qxd4+ Rxd4 36. Rc2 Re7 37. Rf3 Rb4 38. Rb3 Re1+ 39. Kf2 Rxc1 40. Rxc1 Rxb3
41. Rc7 Nd6 0-1

[Event "4NCL 2014-15"]
[Site "Hinckley Island ENG"]
[Date "2014.11.15"]
[Round "1.168"]
[White "Chevannes, Sabrina L"]
[Black "Norinkeviciute, Rasa"]
[Result "1-0"]
[WhiteTitle "WIM"]
[BlackTitle "WFM"]
[WhiteElo "2173"]
[BlackElo "2009"]
[WhiteTeam "Cambridge University 1"]
[BlackTeam "e2e4.org.uk 1"]
[WhiteFideId "411280"]
[BlackFideId "12801925"]
[EventDate "2014.11.15"]

1. d4 Nf6 2. c4 e6 3. Nf3 Bb4+ 4. Nbd2 b6 5. a3 Bxd2+ 6. Qxd2 a5 7. Qc2 Bb7 8.
Bg5 d6 9. e3 Nbd7 10. Be2 h6 11. Bh4 a4 12. Nd2 g5 13. Bg3 Bxg2 14. Rg1 Bb7 15.
f4 Qe7 16. O-O-O c5 17. fxg5 hxg5 18. Kb1 Nh5 19. Bxh5 Rxh5 20. Ne4 Bxe4 21.
Qxe4 d5 22. Qf3 g4 23. Qxg4 Nf6 24. Qe2 Rf5 25. Be5 O-O-O 26. cxd5 exd5 27. Qa6+
Qb7 28. Qxa4 c4 29. Rdf1 Rxf1+ 30. Rxf1 Ne4 31. Rxf7 Rd7 32. Rxd7 Qxd7 33. Qa8# 1-0

[Event "4NCL 2014-15"]
[Site "Hinckley Island ENG"]
[Date "2014.11.15"]
[Round "1.171"]
[White "Sanders, Isaac B"]
[Black "Rendle, Thomas E"]
[Result "1-0"]
[WhiteTitle "FM"]
[BlackTitle "IM"]
[WhiteElo "2305"]
[BlackElo "2378"]
[WhiteTeam "Barbican 4NCL 1"]
[BlackTeam "Grantham Sharks 1"]
[WhiteFideId "417661"]
[BlackFideId "408760"]
[EventDate "2014.11.15"]

1. d4 e6 2. c4 f5 3. g3 Nf6 4. Bg2 c6 5. Nh3 d6 6. Nc3 e5 7. dxe5 dxe5 8. Qxd8+
Kxd8 9. Ng5 Ke8 10. e4 Na6 11. O-O Nc5 12. exf5 Bxf5 13. Be3 Nd3 14. b3 Bb4 15.
Nge4 Ke7 16. a3 Bxc3 17. Nxc3 Kd6 18. Rfd1 Kc7 19. Rd2 Rhd8 20. Rad1 h6 21. Bf1
e4 22. Nxe4 Bxe4 23. Bxd3 Bf3 24. Bf4+ Kb6 25. c5+ Kxc5 26. Be3+ Kd6 27. Be4+ 1-0

[Event "4NCL 2014-15"]
[Site "Hinckley Island ENG"]
[Date "2014.11.15"]
[Round "1.172"]
[White "Grund, Holger"]
[Black "Morrison, Graham SCO"]
[Result "0-1"]
[BlackTitle "FM"]
[WhiteElo "2404"]
[BlackElo "2364"]
[WhiteTeam "Grantham Sharks 1"]
[BlackTeam "Barbican 4NCL 2"]
[WhiteFideId "4624475"]
[BlackFideId "2400090"]
[EventDate "2014.11.15"]

1. e4 c5 2. Nf3 e6 3. c3 d5 4. e5 d4 5. cxd4 cxd4 6. Bb5+ Bd7 7. Nxd4 Bxb5 8.
Nxb5 Nc6 9. O-O a6 10. N5c3 Nge7 11. Re1 Ng6 12. Na3 Bxa3 13. bxa3 O-O 14. Rb1
b5 15. Qh5 Qd3 16. Rb3 Nd4 17. Rb2 Rac8 18. h4 Nc2 19. Rf1 Rc4 20. g3 Nd4 21.
Kg2 Nf5 22. Qe2 Nfxh4+ 23. Kh1 Qf5 24. Kh2 Nf3+ 25. Kg2 Ngh4+ 26. Kh1 Qh3# 0-1

[Event "4NCL 2014-15"]
[Site "Hinckley Island ENG"]
[Date "2014.11.15"]
[Round "1.173"]
[White "Buchicchio, Giampaolo"]
[Black "Roberson, Peter T"]
[Result "1/2-1/2"]
[WhiteTitle "FM"]
[BlackTitle "IM"]
[WhiteElo "2296"]
[BlackElo "2406"]
[WhiteTeam "Barbican 4NCL 2"]
[BlackTeam "Grantham Sharks 1"]
[WhiteFideId "811491"]
[BlackFideId "412384"]
[EventDate "2014.11.15"]

1. e4 e6 2. d4 d5 3. Nc3 Nf6 4. e5 Nfd7 5. Nce2 c5 6. f4 Nc6 7. Nf3 Qb6 8. c3 f6
9. exf6 Nxf6 10. Qb3 Na5 11. Qc2 Bd7 12. Ne5 Rc8 13. Be3 Bd6 14. O-O-O O-O 15.
dxc5 Bxc5 16. Nd4 Nc6 17. Nexc6 Bxc6 18. Bd3 Bb5 19. Bxb5 Bxd4 20. Bxd4 Qxb5 21.
Qd3 Qxd3 22. Rxd3 Ne4 23. Rf1 b5 24. Kb1 Rf7 25. g3 a5 26. a3 Kf8 27. Ka2 Ke7
28. Ra1 a4 29. Re3 Kd7 30. Rd1 h5 31. Rg1 Rh8 32. Be5 Rh7 33. Re2 g5 34. Rd1 Kc6
35. Rf1 g4 36. Rd1 h4 37. gxh4 Rxh4 38. Rg1 Rfh7 39. Rgg2 R7h6 40. Bd4 Rg6 41.
b3 Rh3 42. bxa4 bxa4 43. c4 g3 44. hxg3 Rgxg3 45. Rxg3 Rxg3 46. Be5 Rd3 47.
cxd5+ Kxd5 48. Kb2 Rb3+ 49. Ka2 Nc5 50. Rh2 Rf3 51. Rh8 Rf2+ 52. Kb1 Nb3 53. Ra8
Nd2+ 54. Kc1 Nc4 55. Rxa4 Ra2 56. Bb2 Rxb2 57. Rxc4 Re2 58. Rc2 Re1+ 59. Kb2 Rf1
60. Rd2+ Kc5 61. Re2 Rxf4 62. Rxe6 Rf2+ 63. Kb3 Kb5 64. Re5+ Kb6 65. Re4 Rf1 1/2-1/2

[Event "4NCL 2014-15"]
[Site "Hinckley Island ENG"]
[Date "2014.11.15"]
[Round "1.174"]
[White "Williams, Samuel G"]
[Black "Berry, Neil"]
[Result "1-0"]
[BlackTitle "FM"]
[WhiteElo "2263"]
[BlackElo "2225"]
[WhiteTeam "Grantham Sharks 1"]
[BlackTeam "Barbican 4NCL 2"]
[WhiteFideId "410977"]
[BlackFideId "2400650"]
[EventDate "2014.11.15"]

1. d4 Nf6 2. c4 e6 3. Nc3 Bb4 4. Qc2 O-O 5. a3 Bxc3+ 6. Qxc3 b6 7. Bg5 Bb7 8. e3
d6 9. Ne2 Nbd7 10. Qd3 Ba6 11. Nc3 c5 12. Qd1 cxd4 13. Qxd4 h6 14. Bh4 Qc7 15.
Rd1 Rac8 16. Bg3 Ne5 17. b3 Rfd8 18. Be2 Nc6 19. Qd2 Na5 20. Qb2 Qe7 21. O-O Ne8
22. e4 Bb7 23. Rd2 Qf6 24. Rfd1 Ba8 25. Qc2 Qe7 26. Nb5 d5 27. exd5 exd5 28. Bg4
Rc5 29. Qb1 Nf6 30. Bf3 Rcc8 31. cxd5 a6 32. Nd4 Nxd5 33. Nf5 Qe6 34. Bxd5 Bxd5
35. Rxd5 Rxd5 36. Rxd5 Nxb3 37. Rd1 g6 38. Ne7+ Qxe7 39. Qxb3 b5 40. h3 Rc4 41.
Qf3 Re4 42. Rd6 a5 43. Qd3 Rc4 44. Qd5 1-0

[Event "4NCL 2014-15"]
[Site "Hinckley Island ENG"]
[Date "2014.11.15"]
[Round "1.175"]
[White "Rogers, Jonathan W"]
[Black "Batchelor, Peter J"]
[Result "0-1"]
[WhiteTitle "FM"]
[WhiteElo "2277"]
[BlackElo "2312"]
[WhiteTeam "Barbican 4NCL 2"]
[BlackTeam "Grantham Sharks 1"]
[WhiteFideId "402052"]
[BlackFideId "424854"]
[EventDate "2014.11.15"]

1. Nf3 Nf6 2. d4 d5 3. g3 g6 4. Bg2 Bg7 5. O-O O-O 6. c4 c6 7. cxd5 cxd5 8. Nc3
Nc6 9. Ne5 e6 10. Nxc6 bxc6 11. Bf4 Nd7 12. Qd2 Re8 13. Rac1 Nb6 14. b3 a5 15.
Na4 Nxa4 16. bxa4 Qb6 17. e3 Ba6 18. Rb1 Qd8 19. Rfc1 g5 20. Be5 f6 21. Bxf6
Bxf6 22. Rxc6 Bc8 23. e4 dxe4 24. Bxe4 Ra6 25. Rc4 Bd7 26. Qd3 Qe7 27. Rb7 Rd6
28. Qe2 Bxd4 29. Qh5 Rf8 30. Rc2 e5 31. Kg2 h6 32. Qd1 Qf6 33. f3 Bf5 34. Bxf5
Qxf5 35. Rcc7 e4 36. Qb3+ Qe6 37. fxe4 Rf2+ 38. Kh1 Qxb3 39. Rc8+ Rf8 40. Rxf8+
Kxf8 41. axb3 g4 42. h3 gxh3 43. Kh2 Bc3 44. Kxh3 Re6 45. Rc7 Bb4 46. Rc4 Kf7
47. Kg4 Kg6 48. Kf4 Bd6+ 49. Kf3 Rf6+ 50. Kg2 Bb4 51. Kh3 Kg5 52. Rc8 Re6 53.
Rc4 h5 54. Rd4 Rd6 55. Rc4 Rd3 56. Rc8 Rxb3 57. Rg8+ Kf6 58. Kh4 Be1 59. e5+ Kf7
60. Rg5 Rxg3 61. Rxg3 Ke6 0-1

[Event "4NCL 2014-15"]
[Site "Hinckley Island ENG"]
[Date "2014.11.15"]
[Round "1.176"]
[White "Bremner, Adam"]
[Black "Navarro Cia, Miguel"]
[Result "1/2-1/2"]
[BlackTitle "FM"]
[WhiteElo "2183"]
[BlackElo "2270"]
[WhiteTeam "Grantham Sharks 1"]
[BlackTeam "Barbican 4NCL 2"]
[WhiteFideId "2400847"]
[BlackFideId "2221497"]
[EventDate "2014.11.15"]

1. d4 Nf6 2. c4 g6 3. Nf3 Bg7 4. Nc3 d5 5. Bg5 Ne4 6. cxd5 Nxg5 7. Nxg5 O-O 8.
Nf3 c6 9. e3 cxd5 10. Be2 Nc6 11. O-O Rb8 12. a3 Bg4 13. b4 Rc8 14. Rc1 e6 15.
h3 Bxf3 16. Bxf3 Ne7 17. Qb3 Nf5 18. Nb1 Qd7 19. b5 Nd6 20. Be2 Rxc1 21. Rxc1
Rc8 22. Rxc8+ Qxc8 23. Qc3 Bf8 24. Kf1 Qxc3 25. Nxc3 b6 26. Ke1 1/2-1/2

[Event "4NCL 2014-15"]
[Site "Hinckley Island ENG"]
[Date "2014.11.15"]
[Round "1.177"]
[White "Coleman, David J"]
[Black "Foisor, Mihaela-Veronica"]
[Result "0-1"]
[WhiteTitle "CM"]
[BlackTitle "WIM"]
[WhiteElo "2230"]
[BlackElo "2250"]
[WhiteTeam "Barbican 4NCL 2"]
[BlackTeam "Grantham Sharks 1"]
[WhiteFideId "402087"]
[BlackFideId "2270757"]
[EventDate "2014.11.15"]

1. e4 e6 2. d4 d5 3. Nc3 Bb4 4. e5 c5 5. a3 Bxc3+ 6. bxc3 Qa5 7. Bd2 Qa4 8. Qg4
g6 9. Nf3 Nc6 10. Be2 Qxc2 11. dxc5 Nge7 12. Rc1 Qe4 13. Qxe4 dxe4 14. Ng5 Nxe5
15. Nxe4 O-O 16. Bh6 Rd8 17. Bg5 N5c6 18. Bb5 Rf8 19. Nf6+ Kg7 20. Ng4 Ng8 21.
Bf4 f6 22. Bd6 Rd8 23. O-O Nge7 24. Ne3 Bd7 25. Rcd1 Be8 26. f4 Rac8 27. Rf2 Na5
28. Bf1 Nf5 29. Nxf5+ gxf5 30. Rfd2 Bc6 31. Rd3 Be4 32. Rg3+ Kh6 33. Re1 Rg8 34.
Ree3 Rg6 35. Rh3+ Kg7 36. Reg3 Nb3 37. Be2 Nxc5 38. Bh5 Rxg3 39. Rxg3+ Kh6 40.
Bf7 Bd5 41. c4 Ne4 42. Rg8 Rxg8 43. Bxg8 Bxc4 44. Bf8+ Kg6 45. g3 b5 46. Kg2 a5
47. Kf3 Nd2+ 48. Kf2 h6 49. h3 h5 50. Ke3 Nb1 51. a4 bxa4 52. g4 hxg4 53. hxg4
Bb3 54. gxf5+ exf5 55. Bxb3 axb3 56. Kd3 a4 57. Kc4 b2 58. Kd4 0-1

[Event "4NCL 2014-15"]
[Site "Hinckley Island ENG"]
[Date "2014.11.15"]
[Round "1.178"]
[White "Murphy, Hugh W"]
[Black "Lauterbach, Ingrid"]
[Result "1-0"]
[BlackTitle "WIM"]
[WhiteElo "2167"]
[BlackElo "2089"]
[WhiteTeam "Grantham Sharks 1"]
[BlackTeam "Barbican 4NCL 2"]
[WhiteFideId "422444"]
[BlackFideId "405221"]
[EventDate "2014.11.15"]

1. e4 c5 2. b3 g6 3. Bb2 Nf6 4. h4 d6 5. h5 e5 6. hxg6 fxg6 7. Nc3 Nc6 8. Bc4 a6
9. a4 Bg7 10. Qf3 Nd4 11. Qd3 Be6 12. Bxe6 Nxe6 13. Nh3 Qd7 14. Nd5 Qf7 15. O-O
O-O 16. Nxf6+ Bxf6 17. a5 Nd4 18. Bxd4 cxd4 19. f4 Rac8 20. fxe5 dxe5 21. Rf3
Qc7 22. Raf1 Kg7 23. c3 Qxa5 24. cxd4 exd4 25. Nf4 Qe5 26. Nd5 Bg5 27. Nb6 Rxf3
28. Qxf3 Re8 29. Qf7+ Kh8 30. Nc4 Qb8 31. Nd6 Re7 32. Qd5 h6 33. e5 Kh7 34. Rf7+
Rxf7 35. Qxf7+ 1-0

[Event "4NCL 2014-15"]
[Site "Hinckley Island ENG"]
[Date "2014.11.15"]
[Round "1.181"]
[White "Howell, David W L"]
[Black "Tan, Justin2"]
[Result "1-0"]
[WhiteTitle "GM"]
[BlackTitle "FM"]
[WhiteElo "2670"]
[BlackElo "2366"]
[WhiteTeam "Cheddleton 1"]
[BlackTeam "Oxford 1"]
[WhiteFideId "410608"]
[BlackFideId "3206882"]
[EventDate "2014.11.15"]

1. e4 e5 2. Nf3 Nc6 3. Bb5 a6 4. Ba4 Nf6 5. O-O Be7 6. Bxc6 dxc6 7. d3 Nd7 8.
Nbd2 O-O 9. Nc4 f6 10. a4 Nc5 11. a5 Ne6 12. Kh1 Rf7 13. b3 Bf8 14. Bb2 c5 15.
Ng1 g6 16. Qd2 Bd7 17. Ne2 Bc6 18. f3 Bg7 19. Rf2 Qf8 20. Raf1 Bh6 21. Qd1 Re8
22. Bc1 Bg7 23. Bb2 Bh6 24. Qa1 Nd4 25. Nxd4 cxd4 26. Bc1 f5 27. exf5 Rxf5 28.
Bxh6 Qxh6 29. Re2 Rh5 30. h3 Bd7 31. Qc1 Rg5 32. g4 e4 33. dxe4 Rf8 34. h4 Rxf3
35. Rxf3 Bxg4 36. Qxg5 Bxf3+ 37. Rg2 Qxg5 38. hxg5 Bxe4 39. Kh2 Bxg2 40. Kxg2 1-0

[Event "4NCL 2014-15"]
[Site "Hinckley Island ENG"]
[Date "2014.11.15"]
[Round "1.182"]
[White "Martins, David Pires Tavares"]
[Black "Hawkins, Jonathan"]
[Result "0-1"]
[WhiteTitle "FM"]
[BlackTitle "GM"]
[WhiteElo "2284"]
[BlackElo "2550"]
[WhiteTeam "Oxford 1"]
[BlackTeam "Cheddleton 1"]
[WhiteFideId "1909991"]
[BlackFideId "412686"]
[EventDate "2014.11.15"]

1. b3 e5 2. Bb2 Nc6 3. e3 d5 4. Bb5 Bd6 5. c4 dxc4 6. Nf3 Bd7 7. bxc4 a6 8. Ba4
Nh6 9. h3 O-O 10. O-O e4 11. Bxc6 bxc6 12. Ne5 Bf5 13. Qc1 Bxh3 14. f4 exf3 15.
Nxf3 Bg4 16. Nc3 Bxf3 17. Rxf3 Qh4 18. Rh3 Qxc4 19. Qf1 Qxf1+ 20. Rxf1 Rab8 21.
Ba1 Rb4 22. Rh5 Ng4 23. Ne2 Rfb8 24. Bc3 Rb1 25. Nc1 f6 26. Rh4 f5 27. Nb3 Bh2+
28. Rxh2 Rxf1+ 29. Kxf1 Nxh2+ 30. Ke2 g6 31. Be5 Ng4 32. Bxc7 Ra8 33. Kd3 Rc8
34. Bg3 Rd8+ 35. Kc4 Rd5 36. Nd4 Kg7 37. Bf4 Kf6 38. a4 g5 39. Bc7 Ne5+ 40.
Bxe5+ Rxe5 41. Nxc6 Re4+ 42. Kc5 Rxa4 43. d4 Ra2 44. d5 Rxg2 45. Nd4 Rd2 46. d6
f4 47. e4 Rxd4 48. Kxd4 f3 0-1

[Event "4NCL 2014-15"]
[Site "Hinckley Island ENG"]
[Date "2014.11.15"]
[Round "1.183"]
[White "Arkell, Keith C"]
[Black "Zakarian, David"]
[Result "1-0"]
[WhiteTitle "GM"]
[BlackTitle "FM"]
[WhiteElo "2497"]
[BlackElo "2394"]
[WhiteTeam "Cheddleton 1"]
[BlackTeam "Oxford 1"]
[WhiteFideId "400270"]
[BlackFideId "13301276"]
[EventDate "2014.11.15"]

1. d4 Nf6 2. Nf3 e6 3. c4 d5 4. cxd5 exd5 5. Nc3 Bb4 6. Qa4+ Nc6 7. Bg5 O-O 8.
e3 h6 9. Bxf6 Qxf6 10. Be2 a6 11. a3 Bxc3+ 12. bxc3 Be6 13. Qc2 Na5 14. a4 c5
15. Qb2 c4 16. Nd2 Rfb8 17. Qb6 Qd8 18. Qxd8+ Rxd8 19. O-O Bf5 20. Ra2 Rd6 21.
Rb2 Re8 22. Ra1 g5 23. h3 Bg6 24. Raa2 Re7 25. Rb4 Kf8 26. Rab2 Ke8 27. g4 Kd8
28. Bd1 Kc7 29. Kg2 Bd3 30. Nf1 Re8 31. Ng3 Rb8 32. Nf5 Bxf5 33. gxf5 Rf6 34.
Bf3 Rxf5 35. Rb6 Nb3 36. Rxh6 g4 37. hxg4 Rg5 38. Rf6 b5 39. axb5 axb5 40. Ra2
Rg7 41. Ra7+ Kd8 42. Bxd5 Rxg4+ 43. Kf3 Rg7 44. Bxf7 Nd2+ 45. Kf4 b4 46. Rd6+ 1-0

[Event "4NCL 2014-15"]
[Site "Hinckley Island ENG"]
[Date "2014.11.15"]
[Round "1.184"]
[White "Eckersley-Waites, Tom"]
[Black "Eggleston, David J"]
[Result "1-0"]
[BlackTitle "IM"]
[WhiteElo "2282"]
[BlackElo "2424"]
[WhiteTeam "Oxford 1"]
[BlackTeam "Cheddleton 1"]
[WhiteFideId "412449"]
[BlackFideId "412120"]
[EventDate "2014.11.15"]

1. e4 c5 2. Nf3 d6 3. Nc3 Nf6 4. e5 dxe5 5. Nxe5 Nbd7 6. d4 e6 7. Bf4 a6 8. Nc4
Nb6 9. dxc5 Qxd1+ 10. Rxd1 Nxc4 11. Bxc4 Bxc5 12. Be2 O-O 13. O-O Re8 14. Bg5 h6
15. Bxf6 gxf6 16. Bf3 f5 17. Na4 Ba7 18. Rd6 Bb8 19. Rb6 Ra7 20. c4 Bc7 21. Rb3
b5 22. cxb5 axb5 23. Nc3 Bd7 24. Rd1 Bf4 25. g3 Be5 26. Nxb5 Bxb5 27. Rxb5 Bf6
28. a3 Rc8 29. Rd2 Rc1+ 30. Kg2 Rb1 31. Bh5 Ra1 32. Rb4 Ra2 33. Re2 Kg7 34. Kf3
Be7 35. Rb5 Kf6 36. Kg2 Rc7 37. f4 Rc1 38. Rb7 Rb1 39. Kh3 Rc1 40. Rd2 e5 41.
Rb6+ Kg7 42. Rd7 1-0

[Event "4NCL 2014-15"]
[Site "Hinckley Island ENG"]
[Date "2014.11.15"]
[Round "1.185"]
[White "Williams, Simon K"]
[Black "Harvey, Marcus R"]
[Result "0-1"]
[WhiteTitle "GM"]
[BlackTitle "FM"]
[WhiteElo "2429"]
[BlackElo "2322"]
[WhiteTeam "Cheddleton 1"]
[BlackTeam "Oxford 1"]
[WhiteFideId "404454"]
[BlackFideId "400092"]
[EventDate "2014.11.15"]

1. d4 e6 2. Nf3 Nf6 3. c4 Bb4+ 4. Nbd2 b6 5. e3 Bb7 6. Bd3 Ne4 7. a3 Bxd2+ 8.
Nxd2 Nxd2 9. Bxd2 Qg5 10. Qc2 Qxg2 11. O-O-O g6 12. d5 e5 13. h4 Qf3 14. Be4 Qf6
15. f4 d6 16. fxe5 dxe5 17. Rhf1 Qg7 18. d6 c6 19. d7+ Nxd7 20. Bb4 f5 21. Rd6
fxe4 22. Re6+ Kd8 23. Qxe4 Re8 24. Rxe8+ Kxe8 25. Bd6 Nc5 26. Qg4 Rd8 27. Rf8+
Qxf8 28. Bxf8 Kxf8 29. h5 Bc8 30. Qg5 Rd6 31. e4 gxh5 32. b4 Nd3+ 33. Kc2 Bg4
34. c5 bxc5 35. bxc5 Ne1+ 36. Kb2 Nf3 37. Qe3 Rd2+ 38. Kc3 Kg7 0-1

[Event "4NCL 2014-15"]
[Site "Hinckley Island ENG"]
[Date "2014.11.15"]
[Round "1.186"]
[White "Dickenson, Neil F"]
[Black "Radovanovic, Jovica"]
[Result "0-1"]
[WhiteTitle "FM"]
[BlackTitle "FM"]
[WhiteElo "2289"]
[BlackElo "2311"]
[WhiteTeam "Oxford 1"]
[BlackTeam "Cheddleton 1"]
[WhiteFideId "401897"]
[BlackFideId "915912"]
[EventDate "2014.11.15"]

1. d4 Nf6 2. c4 g6 3. Nc3 Bg7 4. e4 d6 5. h3 O-O 6. Bg5 a6 7. Bd3 c5 8. d5 b5 9.
Qd2 Nbd7 10. Nf3 Qa5 11. O-O Nb6 12. Qe2 Nxc4 13. Bxc4 bxc4 14. e5 dxe5 15. Nxe5
Bb7 16. Nxc4 Qc7 17. Qd2 Rad8 18. Bf4 Qd7 19. Nb6 Qf5 20. Bc7 Rde8 21. g4 Qf3
22. Qe3 Qxe3 23. fxe3 e6 24. d6 Bc6 25. Rfd1 Nd7 26. Nxd7 Bxd7 27. Ne4 f5 28.
Nxc5 Rf7 29. g5 Ra8 30. Rd2 Kf8 31. Re1 h6 32. gxh6 Bxh6 33. Rg2 Kg7 34. Kh2 Bc6
35. Rg3 Kf6 36. Reg1 g5 37. e4 f4 38. Rd3 Bf8 39. d7 Bxc5 40. d8=Q+ Rxd8 41.
Bxd8+ Be7 42. Bxe7+ Rxe7 43. Rd8 Rg7 44. Rf8+ Ke5 45. Rg4 Bxe4 46. h4 Rb7 47. b3
Kd4 48. Rxg5 Ke3 49. Rg1 Bf5 50. Rc8 Rh7 51. Rc3+ Kd2 52. Rc4 Rxh4+ 53. Kg2 e5
54. Rgc1 Bd3 55. Kf3 e4+ 0-1

[Event "4NCL 2014-15"]
[Site "Hinckley Island ENG"]
[Date "2014.11.15"]
[Round "1.187"]
[White "Oswald, David C"]
[Black "Rawlinson, Aidan M"]
[Result "0-1"]
[WhiteElo "2079"]
[BlackElo "2190"]
[WhiteTeam "Cheddleton 1"]
[BlackTeam "Oxford 1"]
[WhiteFideId "2461285"]
[BlackFideId "413496"]
[EventDate "2014.11.15"]

1. e4 g6 2. d4 Bg7 3. Nc3 d6 4. Be3 a6 5. Qd2 Nd7 6. f3 b5 7. h4 h6 8. g4 Bb7 9.
Nge2 Nb6 10. Ng3 Nf6 11. Bd3 Nfd7 12. O-O-O c5 13. dxc5 Nxc5 14. h5 b4 15. Nce2
Nba4 16. Bd4 Bxd4 17. Nxd4 g5 18. Rhf1 Qb6 19. Bc4 Rc8 20. f4 Nxe4 21. Bxf7+
Kxf7 22. Nxe4 Bxe4 23. fxg5+ Ke8 24. Qf4 d5 25. Rd2 hxg5 26. Qxg5 Nc3 27. Nf5
Nxa2+ 28. Kd1 Qc5 29. Qg6+ Kd7 30. Qxa6 Bxc2+ 31. Ke1 Bxf5 32. Qb7+ Kd6 33. Qa6+
Rc6 34. Qxa2 Qe3+ 0-1

[Event "4NCL 2014-15"]
[Site "Hinckley Island ENG"]
[Date "2014.11.15"]
[Round "1.188"]
[White "Matta, Francesca"]
[Black "Steil-Antoni, Fiona"]
[Result "1/2-1/2"]
[BlackTitle "WIM"]
[WhiteElo "1921"]
[BlackElo "2095"]
[WhiteTeam "Oxford 1"]
[BlackTeam "Cheddleton 1"]
[WhiteFideId "818780"]
[BlackFideId "4001249"]
[EventDate "2014.11.15"]

1. d4 d6 2. c4 g6 3. Nc3 Bg7 4. e4 Nc6 5. Nf3 e5 6. Bg5 f6 7. Be3 Bg4 8. Be2
Bxf3 9. Bxf3 exd4 10. Bxd4 Nxd4 11. Qxd4 Ne7 12. c5 dxc5 13. Qxc5 c6 14. Qc4 Nc8
15. Rd1 Qe7 16. O-O Nb6 17. Qb3 Qf7 18. Qb4 Bf8 19. Qd4 Be7 20. e5 fxe5 21. Qxe5
O-O 22. Rfe1 Bf6 23. Qe6 Qxe6 24. Rxe6 Bxc3 25. bxc3 Rfe8 26. Red6 Re7 27. h4
Kg7 28. h5 Rf8 29. Kf1 Rff7 30. R1d4 Nd7 31. Be2 Nf6 32. hxg6 hxg6 33. Bd3 Re5
34. g4 Rg5 35. Bc4 Rf8 36. Be6 Rb5 37. f4 Rb1+ 38. Kg2 Rb2+ 39. Kg1 Rb1+ 40. Kg2
Rb2+ 41. Kg1 Rb1+ 42. Kg2 1/2-1/2